1722 1889 1091 1138 1429 1045 1575 1212 1467 1654 1673 1042 1116 1523 1898 1125 1537 1227 1149 1700 1414 1570 1801 1641 1717 1965 1511 1897 1705 1444 1764 1220 1583 1930 1813 1311 1374 1215 1663 1443 1151 1770 1415 1289 1085 1721 1302 1149 1389 1618 1707 1428 1811 1256 1499 1854 1106 1313 1289 1641 1335 1223 1302 1523 1451 1894 1070 1239 1965 1355 1194 1115 1833 1823 1029 1496 1824 1002 1091 1819 1666 1701 1033 1618 1436 1462 1182 1932 1004 1135 1216 1399 1350 1167 1927 1985 1698 1329 1625 BCNSPRNW ULIB Ver.6.0+V

เปลี่ยนเป็นภาษาไทย

Change to English
 แสดงรายละเอียดบรรณานุกรม
  กลับหน้าหลัก

Brief Record : Get Marc (ISO 2709) : E-mail record : QR code < ปิดหน้าต่าง
LEADER : 00000nam 2200000uu 4500
001    13399115009
003     ULIB
008    120629s2552||||th 000 0 tha d
020    9786117055010
082 0  นว.^bม674ส
090    นว.^bม674ส
100 0  Moony
245 00 สงครามเจ้าอเวจี/^cMoony
260    กรุงเทพฯ :^bตะวันสอง,^c2552
300    274 หน้า
945    ^p175^l0^i026535
995    ทศพร
999 ^a ใช้งานได้ทุกระบบ
รายการนี้ยังไม่มีแท็ก
คุณยังไม่ได้ล็อกอิน คุณสามารถมีกิจกรรมร่วมกับเว็บไซต์ได้ แต่ต้องล็อกอินก่อน ::
  ล็อกอิน

รายการสื่อสารสนเทศ

ลำดับที่ ประเภท เลขเรียก/บาร์โค้ด สถานที่ สถานะ
1. นวนิยาย
นวนิยาย
นว. ม674สนว. ม674ส  
  Barcode: 026535
ห้องสมุดวิทยาเขตสวรรค์ประชารักษ์
►นวนิยาย
บนชั้น
  ขอยืม

BibComment


ยังไม่เคยถูกคอมเมนท์

คอมเมนท์ทรัพยากรรายการนี้
  คอมเมนท์: สงครามเจ้าอเวจี M..


 Copyright 2026. Bcnsprnw @Library